000 00828nam a2200229Ii 4500
003 JO-AjNU
008 230605s9999||||xx |||||||||||||| ||und||
017 _a2011/2/683
020 _a978-9957-90-000-7
040 _aJO-AjNU
_bara
_erda
_cJO-AjNU
041 _aara
050 1 4 _aLB1140.2 2014
100 3 _aاعداد طبال، سهى عبد الرحيم ,
_eauthor
_945992
245 0 0 _aبرنامج بورتيج للتعلم المبكر: قائمة الانشطة ( من 18 شهر ولغاية 9 سنوات)
250 _aط1
264 3 1 _aعمان:مركز ديبونو لتعليم التفكير،2014
300 _a179ص
336 _atext
_btxt
_2rdacontent
337 _aunmediated
_bn
_2rdamedia
338 _avolume
_bnc
_2rdacarrier
650 4 _aالتعلم المبكر - برنامج بورتيج
_945993
999 _aA19977
_c23545
_d23545